[Event "Stuttgart-chB int"]
[Site "Ditzingen"]
[Date "2008.05.04"]
[Round "7"]
[White "Von Borstel, Andreas"]
[Black "Potthast, Christian"]
[Result "0-1"]
[WhiteElo "1496"]
[BlackElo "1691"]
[PlyCount "100"]
[EventDate "2008.05.01"]
[EventType "swiss"]
[EventRounds "7"]
[EventCountry "GER"]
[SourceTitle "EXT 2018"]
[Source "ChessBase"]
[SourceDate "2017.10.13"]
[SourceVersion "1"]
[SourceVersionDate "2017.10.13"]
[SourceQuality "1"]

1. Nf3 Nf6 2. b3 g6 3. Bb2 Bg7 4. c4 0-0 5. e3 c5 6. Qc2 Nc6 7. a3 d6 8. Be2 Bf5 9. d3 a6 10. Nbd2 b5 11. 0-0 b4 12. a4 Qc7 13. e4 Bd7 14. Rfe1 Ne8 15. Bf1 Bh6 16. h3 Ng7 17. Rad1 Ne6 18. e5 dxe5 19. Bxe5 Nxe5 20. Rxe5 Nd4 21. Nxd4 Qxe5 22. N2f3 Qf6 23. Ne2 Bxh3 24. gxh3 Qxf3 25. Bg2 Qf5 26. Ng3 Qd7 27. Bxa8 Rxa8 28. Kg2 Bg7 29. Re1 Rd8 30. Ne4 e6 31. Kf1 Qc7 32. Kg2 Bd4 33. Qe2 Qf4 34. Qf3 Qxf3+ 35. Kxf3 Kg7 36. Rd1 h6 37. Rd2 f5 38. Ng3 e5 39. Ne2 Bc3 40. Rd1 e4+ 41. Ke3 Bd4+ 42. Nxd4 Rxd4 43. Rd2 Rxd3+ 44. Rxd3 exd3 45. h4 g5 46. hxg5 hxg5 47. Kxd3 Kf6 48. a5 Ke5 49. Ke3 g4 50. f4+ gxf3 0-1

[Event "Werther Schloss op-B 11th"]
[Site "Werther"]
[Date "2005.03.18"]
[Round "1"]
[White "Roever, Ludwig"]
[Black "Potthast, Christian"]
[Result "1/2-1/2"]
[WhiteElo "2049"]
[BlackElo "1714"]
[PlyCount "45"]
[EventDate "2005.03.18"]
[EventType "swiss"]
[EventRounds "5"]
[EventCountry "GER"]
[SourceTitle "EXT 2006"]
[Source "ChessBase"]
[SourceDate "2005.11.24"]
[SourceVersion "1"]
[SourceVersionDate "2005.11.24"]
[SourceQuality "1"]

1. d4 Nf6 2. c4 g6 3. g3 Bg7 4. Bg2 0-0 5. Nc3 d6 6. Nf3 Nc6 7. 0-0 a6 8. Qc2 Rb8 9. e4 Bd7 10. a4 Nh5 11. d5 Nb4 12. Qe2 e6 13. g4 Nf6 14. h3 exd5 15. cxd5 Re8 16. Qc4 a5 17. Bg5 Qc8 18. Rac1 Na6 19. Rfe1 h6 20. Bf4 h5 21. g5 Bxh3 22. gxf6 Bxg2 23. Kxg2 1/2-1/2